Zdravotníctvo musí financovať aj štát, nielen poisťovne

Rozhovor s generálnym riaditeľom DRUZAP-u, Družstevnej zdravotnej poisťovne, JUDr. J. Borisom o finančnom stave. Odvodové percento na zdravotné poistenie. Výdavky na zdravotnícke služby. Systém zdravotného pripoistenia. Získavanie poistencov. Zlúčenie DRUZAP-u s 2 menšími poisťovňami. Privatizácia z...

Descripción completa

Guardado en:
Detalles Bibliográficos
Autor principal: Krištofičová, Dagmar
Formato: Capítulo de libro
Lenguaje:eslovaco
Materias:
Etiquetas: Agregar Etiqueta
Sin Etiquetas, Sea el primero en etiquetar este registro!

MARC

LEADER 00000naa a2200000 4500
001 r026530
005 20251104123656.3
041 0 |a slo 
044 |a SK 
245 1 0 |a Zdravotníctvo musí financovať aj štát, nielen poisťovne  |c Dagmar Krištofičová 
520 |a Rozhovor s generálnym riaditeľom DRUZAP-u, Družstevnej zdravotnej poisťovne, JUDr. J. Borisom o finančnom stave. Odvodové percento na zdravotné poistenie. Výdavky na zdravotnícke služby. Systém zdravotného pripoistenia. Získavanie poistencov. Zlúčenie DRUZAP-u s 2 menšími poisťovňami. Privatizácia zdravotníckych zariadení. Súčasná situácia súkromných lekárov. 
610 2 0 |a poisťovníctvo 
610 2 0 |a poisťovne zdravotné 
610 2 0 |a DRUZAP, a.s. Bratislava 
610 2 0 |a zdravotníctvo 
610 2 0 |a výdavky 
610 2 0 |a pripoistenie 
610 2 0 |a lekári 
100 1 |a Krištofičová, Dagmar